[Event "XIII OGOLNOPOLSKA OLIMPIADA MLODZIEZY -"]
[Site "Turawa"]
[Date "2007.05.02"]
[Round "8.8"]
[White "Lis, Marek"]
[Black "Witek, Tomasz"]
[Result "0-1"]
[WhiteElo "1968"]
[BlackElo "2109"]
[PlyCount "120"]
[EventDate "2007.??.??"]

1. e4 e6 2. d4 d5 3. e5 c5 4. c3 Nc6 5. Nf3 Bd7 6. Be2 Rc8 7. O-O Qb6 8. a3 Nh6
9. b4 cxd4 10. cxd4 Nf5 11. Bb2 Na5 12. Nbd2 Be7 13. Rb1 Nc4 14. Nxc4 dxc4 15.
Rc1 Qa6 16. Nd2 b5 17. Ne4 Bc6 18. Nc5 Bxc5 19. dxc5 Rd8 20. Qc2 Nh4 21. f3 Qb7
22. Rcd1 O-O 23. Rxd8 Rxd8 24. Rd1 Re8 25. Kf2 Nf5 26. Bf1 Qe7 27. Qd2 Ra8 28.
Qf4 h6 29. g3 Qb7 30. Be2 Ne7 31. Qd2 Nd5 32. h4 a5 33. Ra1 axb4 34. axb4 Rxa1
35. Bxa1 Qa6 36. Bb2 Qa4 37. f4 Qb3 38. Bd1 Qxb4 39. Qxb4 Nxb4 40. Be2 Na6 41.
Bd4 Kf8 42. Ke3 Ke7 43. Bc3 Bd5 44. Kd4 Nb8 45. Bb4 Kd7 46. g4 Kc6 47. Ba5 Nd7
48. Bb4 f6 49. g5 hxg5 50. hxg5 fxe5+ 51. fxe5 Nb8 52. Ba5 Kd7 53. Bb4 Nc6+ 54.
Kc3 Nxe5 55. Kd4 Nc6+ 56. Kc3 Nxb4 57. Kxb4 Be4 58. Bg4 Bf5 59. Bf3 Kc7 60. Bd1
Bd3 0-1

[Event "XIII OGOLNOPOLSKA OLIMPIADA MLODZIEZY -"]
[Site "Turawa"]
[Date "2007.05.02"]
[Round "8.9"]
[White "Bokiej, Przemyslaw"]
[Black "Solnicki, Michal"]
[Result "1/2-1/2"]
[WhiteElo "2016"]
[BlackElo "1951"]
[PlyCount "115"]
[EventDate "2007.??.??"]

1. e4 c5 2. Nf3 d6 3. d3 Nc6 4. g3 g6 5. Bg2 Bg7 6. O-O e6 7. c3 Nge7 8. d4
cxd4 9. cxd4 d5 10. e5 b5 11. Nbd2 Qb6 12. Nb3 O-O 13. Bf4 a5 14. Rc1 Ra7 15.
Nc5 Rc7 16. g4 b4 17. Qd2 Ba6 18. Nxa6 Qxa6 19. Bh6 Rfc8 20. Bxg7 Kxg7 21. h4
Na7 22. h5 Ng8 23. Qf4 Rxc1 24. Rxc1 Rxc1+ 25. Qxc1 Qc6 26. Qf4 Nb5 27. Bf1 Na7
28. Ng5 Qd7 29. Nf3 Qc7 30. Kg2 Nc8 31. Ng5 Qe7 32. Nf3 Qc7 33. Bd3 Nb6 34. Ng5
Qe7 35. Nf3 Qc7 36. hxg6 hxg6 37. b3 Nc8 38. Ng5 Na7 39. Qh2 Qe7 40. Qf4 Qc7
41. Qh2 Nh6 42. Qf4 Qe7 43. Nf3 Nc6 44. Qc1 Na7 45. g5 Ng8 46. Qc2 Kf8 47. Qc1
Ke8 48. Nh2 Kd8 49. Ng4 Ke8 50. f4 Kd8 51. Kf3 Kd7 52. Ke3 Kd8 53. Qc5 Qxc5 54.
dxc5 Ne7 55. Nf6 Nf5+ 56. Bxf5 gxf5 57. Ng8 Nc6 58. Kd3 1/2-1/2

[Event "XIII OGOLNOPOLSKA OLIMPIADA MLODZIEZY -"]
[Site "Turawa"]
[Date "2007.05.02"]
[Round "8.10"]
[White "Kowalczyk, Rafal"]
[Black "Koziej, Maciej"]
[Result "1-0"]
[WhiteElo "1948"]
[BlackElo "1990"]
[PlyCount "85"]
[EventDate "2007.??.??"]

1. e4 c5 2. Nf3 e6 3. d4 cxd4 4. Nxd4 a6 5. Bd3 Bc5 6. Nb3 Be7 7. Be3 d6 8. O-O
Nf6 9. Nc3 Nc6 10. f4 h5 11. Kh1 Qc7 12. a4 b6 13. Nd2 d5 14. Bg1 Bb7 15. Qe2
Kf8 16. Nb3 h4 17. Qf2 Nh5 18. Ne2 Na5 19. Nd2 Bd8 20. Rac1 Nc4 21. Bxc4 dxc4
22. h3 f5 23. Bh2 Bf6 24. e5 Be7 25. Nd4 Bd5 26. N2f3 Qb7 27. c3 Rg8 28. Ng5
Bxg5 29. fxg5 Ke7 30. g6 Rh8 31. Kg1 Rh6 32. Qxh4+ Kd7 33. Nxf5 exf5 34. Rxf5
Rxg6 35. g4 Rh8 36. Rd1 Kc8 37. Rxh5 Rf8 38. Rh8 Qf7 39. Rxf8+ Qxf8 40. Rxd5
Rh6 41. Qg3 Qe8 42. e6 Qc6 43. Qb8# 1-0

[Event "XIII OGOLNOPOLSKA OLIMPIADA MLODZIEZY -"]
[Site "Turawa"]
[Date "2007.05.02"]
[Round "8.11"]
[White "Barski, Radoslaw"]
[Black "Mondrzycki, Bartlomiej"]
[Result "1-0"]
[WhiteElo "1987"]
[BlackElo "1949"]
[PlyCount "113"]
[EventDate "2007.??.??"]

1. e4 c5 2. Nf3 d6 3. d4 cxd4 4. Nxd4 Nf6 5. Nc3 a6 6. Bg5 e6 7. f4 Qb6 8. Qd2
Qxb2 9. Rb1 Qa3 10. f5 Nc6 11. fxe6 fxe6 12. Nxc6 bxc6 13. Be2 Be7 14. O-O O-O
15. Be3 Kh8 16. Bb6 Bd8 17. Be3 Be7 18. Bb6 Bd8 19. Be3 d5 20. e5 Nd7 21. Rxf8+
Qxf8 22. Rf1 Qe8 23. Bf4 Bb7 24. Bg4 Qg6 25. Qe2 Qe8 26. Qf3 Qe7 27. Qh3 Bb6+
28. Kh1 Nc5 29. Bh5 Kg8 30. Be3 Rf8 31. Rb1 Ba7 32. Bg4 Bc8 33. Ne2 Ne4 34. Nd4
Bxd4 35. Bxd4 Qf7 36. Qf3 Qxf3 37. gxf3 Nd2 38. Rb8 Bd7 39. Rb7 Bc8 40. Rc7 Kh8
41. Rxc6 Re8 42. Kg2 g6 43. Kf2 h5 44. Bh3 Nc4 45. Rxc8 Rxc8 46. Bxe6 Rd8 47.
Bf7 Kh7 48. f4 Kh6 49. Ke2 Na3 50. e6 Nb5 51. e7 Rc8 52. Be5 Rxc2+ 53. Kd1 Rc8
54. e8=Q Rxe8 55. Bxe8 g5 56. f5 d4 57. f6 1-0

[Event "XIII OGOLNOPOLSKA OLIMPIADA MLODZIEZY -"]
[Site "Turawa"]
[Date "2007.05.02"]
[Round "8.12"]
[White "Borowicz, Przemyslaw"]
[Black "Witek, Pawel"]
[Result "0-1"]
[WhiteElo "1926"]
[BlackElo "1985"]
[PlyCount "66"]
[EventDate "2007.??.??"]

1. d4 d6 2. c4 e5 3. d5 f5 4. Nc3 Nf6 5. g3 g6 6. Bg2 Bg7 7. e4 O-O 8. Nge2 Na6
9. Be3 Nc5 10. Bxc5 dxc5 11. O-O f4 12. f3 fxg3 13. Nxg3 Nh5 14. Nxh5 gxh5 15.
Qd2 Qf6 16. Kh1 Kh8 17. Qf2 b6 18. Rad1 Bd7 19. Rd3 Bh6 20. Ne2 h4 21. h3 b5
22. Qxc5 bxc4 23. Qxc4 Rab8 24. Rb3 Rxb3 25. Qxb3 Qa6 26. Rf2 Bb5 27. Bf1 Qb6
28. Rg2 Qe3 29. Qxb5 Qxf3 30. Ng1 Qxf1 31. Qc6 Bf4 32. Qxc7 Bg3 33. d6 Qxg2+
0-1

[Event "XIII OGOLNOPOLSKA OLIMPIADA MLODZIEZY -"]
[Site "Turawa"]
[Date "2007.05.02"]
[Round "8.13"]
[White "Polok, Kacper"]
[Black "Weichhold, Pawel"]
[Result "0-1"]
[WhiteElo "1878"]
[BlackElo "1897"]
[PlyCount "58"]
[EventDate "2007.??.??"]

1. e4 c5 2. Nf3 Nc6 3. Bb5 g6 4. Bxc6 bxc6 5. d3 Bg7 6. O-O Nf6 7. Re1 O-O 8.
Nc3 d6 9. h3 Rb8 10. Rb1 Ne8 11. d4 Qc7 12. Be3 cxd4 13. Nxd4 e5 14. Nde2 f5
15. f4 fxe4 16. fxe5 Bxe5 17. Nxe4 d5 18. N4c3 Ng7 19. Bc5 Rf7 20. Rf1 Rxf1+
21. Qxf1 Ne6 22. Ba3 Ba6 23. Qf3 Bxe2 24. Nxe2 Ng5 25. Qe3 Ne4 26. Rf1 Re8 27.
Qh6 Qb6+ 28. Kh1 Nf2+ 29. Rxf2 Qxf2 0-1

[Event "XIII OGOLNOPOLSKA OLIMPIADA MLODZIEZY -"]
[Site "Turawa"]
[Date "2007.05.02"]
[Round "8.14"]
[White "Kadziela, Konrad"]
[Black "Sowul, Bartosz"]
[Result "1/2-1/2"]
[WhiteElo "1831"]
[BlackElo "1966"]
[PlyCount "98"]
[EventDate "2007.??.??"]

1. d4 Nf6 2. c4 g6 3. Nc3 Bg7 4. e4 O-O 5. f4 d6 6. Nf3 c5 7. d5 b5 8. cxb5 a6
9. bxa6 Qa5 10. Bd2 Bxa6 11. Be2 Nbd7 12. O-O Rfb8 13. Bxa6 Qxa6 14. Rb1 Ra7
15. Re1 Rab7 16. Qa4 Qb6 17. h3 c4+ 18. Be3 Qc7 19. Qc6 Ne8 20. Bd4 Nc5 21.
Bxg7 Kxg7 22. Qxc7 Nxc7 23. Nd2 Nd3 24. Rf1 Nxb2 25. Nd1 Nxd1 26. Rfxd1 Rxb1
27. Rxb1 Rxb1+ 28. Nxb1 Nb5 29. Nd2 Na3 30. Kf2 c3 31. Nb3 Kf6 32. Ke2 g5 33.
g3 gxf4 34. gxf4 e6 35. dxe6 fxe6 36. Kd3 c2 37. Kc3 d5 38. exd5 exd5 39. Kb4
Nc4 40. a4 Kf5 41. Nd4+ Kxf4 42. Nxc2 Kg3 43. Na3 Nb6 44. a5 Nc8 45. a6 Kxh3
46. Ka5 h5 47. Nb5 Kg4 48. Nd6 Na7 49. Nb5 Nc8 1/2-1/2

[Event "XIII OGOLNOPOLSKA OLIMPIADA MLODZIEZY -"]
[Site "Turawa"]
[Date "2007.05.02"]
[Round "8.15"]
[White "Kaleta, Blazej"]
[Black "Wiewiora, Eneasz"]
[Result "1/2-1/2"]
[WhiteElo "1899"]
[BlackElo "1876"]
[PlyCount "24"]
[EventDate "2007.??.??"]

1. Nf3 Nf6 2. d4 g6 3. g3 Bg7 4. Bg2 O-O 5. O-O d5 6. c3 Bf5 7. Qb3 Qc8 8. Bg5
Nbd7 9. Nbd2 c6 10. Rfe1 Re8 11. Nh4 Be6 12. Qc2 c5 1/2-1/2

[Event "XIII OGOLNOPOLSKA OLIMPIADA MLODZIEZY -"]
[Site "Turawa"]
[Date "2007.05.02"]
[Round "8.16"]
[White "Grzesiak, Filip"]
[Black "Golinski, Damian"]
[Result "0-1"]
[WhiteElo "1896"]
[BlackElo "1828"]
[PlyCount "52"]
[EventDate "2007.??.??"]

1. e4 e5 2. f4 exf4 3. Nf3 d6 4. Bc4 g5 5. h4 g4 6. Ng5 Nh6 7. d3 Bg7 8. c3 Qe7
9. Qb3 c6 10. O-O b5 11. Bxf7+ Nxf7 12. Bxf4 Nxg5 13. hxg5 Be6 14. Qc2 Nd7 15.
Nd2 Be5 16. d4 Bxf4 17. Rxf4 Qxg5 18. Raf1 Rf8 19. Rxf8+ Nxf8 20. c4 Qe3+ 21.
Kh1 bxc4 22. Nxc4 Qh6+ 23. Kg1 g3 24. Nxd6+ Kd7 25. Rc1 Qh2+ 26. Kf1 Qh1+ 0-1

[Event "XIII OGOLNOPOLSKA OLIMPIADA MLODZIEZY -"]
[Site "Turawa"]
[Date "2007.05.02"]
[Round "8.17"]
[White "Lukasiewicz, Aleksander"]
[Black "Zielinski, Wojciech"]
[Result "0-1"]
[WhiteElo "1816"]
[BlackElo "1886"]
[PlyCount "116"]
[EventDate "2007.??.??"]

1. e4 e6 2. d4 d5 3. Nc3 Nf6 4. e5 Nfd7 5. Nf3 a6 6. Bd3 c5 7. dxc5 Nc6 8. Bf4
Bxc5 9. O-O f6 10. exf6 Nxf6 11. Ne5 O-O 12. Qe2 Bd6 13. Rae1 Qc7 14. Nxc6 Bxf4
15. Ne5 Bxe5 16. Qxe5 Qxe5 17. Rxe5 Bd7 18. Ne2 Rae8 19. h3 Bc6 20. Nd4 Kf7 21.
Rfe1 Bd7 22. Kf1 h6 23. R1e2 g5 24. Ke1 g4 25. h4 h5 26. Kd2 Rg8 27. Nb3 b6 28.
Nd4 Rd8 29. Nxe6 Bxe6 30. Rxe6 Ne4+ 31. R6xe4 dxe4 32. Rxe4 Kg7 33. Re5 Rh8 34.
Rg5+ Kf7 35. Ke2 Rh6 36. Bc4+ Ke7 37. Re5+ Kd6 38. Rd5+ Ke7 39. Rxd8 Kxd8 40.
Bxa6 Re6+ 41. Kd2 Rf6 42. Ke1 Re6+ 43. Be2 Kc7 44. f4 g3 45. Kd2 Re4 46. f5 Kd6
47. Bd3 Rf4 48. Ke3 Ke5 49. b3 Rf2 50. Be4 Rf1 51. a4 Re1+ 52. Kf3 Rxe4 53. f6
Rf4+ 54. Kxg3 Rxf6 55. Kh3 Rf2 56. c3 Rc2 57. b4 Rxc3+ 58. g3 Kf5 0-1

[Event "XIII OGOLNOPOLSKA OLIMPIADA MLODZIEZY -"]
[Site "Turawa"]
[Date "2007.05.02"]
[Round "8.19"]
[White "Ancuta, Adam"]
[Black "Chudzik, Tomasz"]
[Result "0-1"]
[WhiteElo "1817"]
[BlackElo "1914"]
[PlyCount "78"]
[EventDate "2007.??.??"]

1. e4 c5 2. Nf3 d6 3. d4 cxd4 4. Nxd4 Nf6 5. Nc3 a6 6. Bg5 e6 7. f3 Be7 8. Qd2
Qc7 9. O-O-O Nbd7 10. Kb1 O-O 11. h4 Ne5 12. g4 Nc4 13. Qd3 Ne5 14. Qd2 b5 15.
Bxf6 Bxf6 16. g5 Be7 17. Qe2 Bd7 18. a3 Nc4 19. f4 Nxa3+ 20. bxa3 Qxc3 21. Rd3
Qc5 22. f5 e5 23. Nb3 Qxa3 24. f6 Bd8 25. h5 Be6 26. Qd2 Bxb3 27. Rxb3 Qc5 28.
Bh3 Ra7 29. Bf5 Rc7 30. Qg2 a5 31. Bxh7+ Kxh7 32. g6+ Kg8 33. fxg7 Re8 34. h6
Bf6 35. gxf7+ Kxf7 36. h7 Bxg7 37. Rf3+ Bf6 38. Rg1 Ke7 39. Qg6 Qxc2+ 0-1

[Event "XIII OGOLNOPOLSKA OLIMPIADA MLODZIEZY -"]
[Site "Turawa"]
[Date "2007.05.02"]
[Round "8.20"]
[White "Lorek, Milosz"]
[Black "Grabowski, Adam"]
[Result "1-0"]
[WhiteElo "1852"]
[BlackElo "1793"]
[PlyCount "81"]
[EventDate "2007.??.??"]

1. e4 c6 2. d4 d5 3. Nc3 dxe4 4. Nxe4 Nd7 5. Bc4 Ngf6 6. Ng5 e6 7. Qe2 Nb6 8.
Bd3 h6 9. N5f3 c5 10. Be3 Nbd5 11. O-O-O Qa5 12. Kb1 Nxe3 13. fxe3 Be7 14. Ne5
O-O 15. g4 cxd4 16. exd4 Nd5 17. Qe4 f5 18. gxf5 exf5 19. Qg2 Ne3 20. Bc4+ Nxc4
21. Nxc4 Qb5 22. Ne5 Be6 23. d5 Bf6 24. c4 Qb6 25. Ng6 Rfd8 26. Nf3 Bf7 27.
Ngh4 g5 28. Nxf5 Bg6 29. N3h4 Bxb2 30. Nxg6 Ba3+ 31. Ka1 Qxg6 32. Qc2 Qf6+ 33.
Kb1 Rac8 34. Rhf1 Qb6+ 35. Qb3 Qa6 36. d6 Kh7 37. c5 Rd7 38. Ne7 Rxe7 39. dxe7
Qg6+ 40. Qd3 Bxc5 41. Rf7+ 1-0

[Event "XIII OGOLNOPOLSKA OLIMPIADA MLODZIEZY -"]
[Site "Turawa"]
[Date "2007.05.02"]
[Round "8.22"]
[White "Kropidlowski, Maciej"]
[Black "Leczycki, Pawel"]
[Result "0-1"]
[WhiteElo "1750"]
[BlackElo "1826"]
[PlyCount "52"]
[EventDate "2007.??.??"]

1. e4 e5 2. Bc4 Nf6 3. d3 c6 4. Bg5 d5 5. exd5 cxd5 6. Bxf6 gxf6 7. Bb3 Nc6 8.
c3 Be6 9. Ne2 Rg8 10. Ng3 f5 11. Rg1 f4 12. Ne2 Qh4 13. h3 O-O-O 14. Nd2 e4 15.
Qc2 e3 16. g3 exd2+ 17. Qxd2 fxg3 18. fxg3 Qxh3 19. Qe3 Bh6 20. Qc5 Rde8 21.
Ba4 Bg4 22. Bd1 Rxe2+ 23. Bxe2 Re8 24. Qf2 Bxe2 25. Qxf7 Bh5+ 26. Qxe8+ Bxe8
0-1

[Event "XIII OGOLNOPOLSKA OLIMPIADA MLODZIEZY -"]
[Site "Turawa"]
[Date "2007.05.02"]
[Round "8.23"]
[White "Raczynski, Milosz"]
[Black "Brzezinski, Mateusz"]
[Result "1/2-1/2"]
[WhiteElo "1563"]
[BlackElo "1643"]
[PlyCount "66"]
[EventDate "2007.??.??"]

1. e4 c5 2. Nf3 Nc6 3. d4 cxd4 4. Nxd4 Nf6 5. Nc3 e5 6. Ndb5 d6 7. Bg5 a6 8.
Na3 b5 9. Bxf6 gxf6 10. Nd5 f5 11. exf5 Bxf5 12. c3 Bg7 13. Nc2 Bxc2 14. Qxc2
O-O 15. Bd3 h6 16. h4 Ne7 17. Be4 Rc8 18. O-O-O Nxd5 19. Bxd5 Qf6 20. Kb1 b4
21. c4 Kh8 22. f3 Qg6 23. Be4 f5 24. Bd5 Qf6 25. g4 Rc7 26. g5 Qg6 27. gxh6
Bxh6 28. Rdg1 Qh5 29. Rh2 Rg7 30. Qf2 Rf6 31. Rxg7 Bxg7 32. Qa7 Qg6 33. Qf2 Qh5
1/2-1/2

[Event "XIII OGOLNOPOLSKA OLIMPIADA MLODZIEZY -"]
[Site "Turawa"]
[Date "2007.05.04"]
[Round "10.1"]
[White "Krzyzanowski, Marcin"]
[Black "Kanarek, Marcel"]
[Result "0-1"]
[WhiteElo "2229"]
[BlackElo "2225"]
[PlyCount "142"]
[EventDate "2007.??.??"]

1. e4 c5 2. Nf3 Nc6 3. d4 cxd4 4. Nxd4 e5 5. Nb5 d6 6. N1c3 a6 7. Na3 b5 8. Nd5
Nge7 9. c4 Nd4 10. Be3 Nxd5 11. cxd5 g6 12. Bxd4 exd4 13. Qxd4 Qa5+ 14. Qd2
Qxd2+ 15. Kxd2 Bg7 16. Rb1 f5 17. Bd3 O-O 18. f3 fxe4 19. Bxe4 Bf5 20. Rhe1
Bxe4 21. fxe4 Be5 22. g3 Rac8 23. Re2 Rf3 24. Nc2 Rc4 25. Ke1 Kg7 26. Kd2 h5
27. Ne1 Rf1 28. b3 Rc8 29. Rd1 Bc3+ 30. Kd3 b4 31. Rc1 Rc5 32. Ke3 Bd4+ 33.
Kxd4 Rxc1 34. Nc2 a5 35. Ne3 Rfe1 36. Rxe1 Rxe1 37. Nc4 Rd1+ 38. Ke3 a4 39.
bxa4 Ra1 40. e5 Rxa2 41. exd6 Rxa4 42. d7 Ra8 43. Nb6 Rf8 44. Kd4 Kf6 45. Kc4
Ke7 46. Kxb4 Rf2 47. Nc4 Rxh2 48. Ne5 g5 49. Nf7 Kxd7 50. Nxg5 Re2 51. Nh7 Ke7
52. Kc4 Rg2 53. d6+ Ke6 54. d7 Rd2 55. Kc3 Rd1 56. Kc2 Rd5 57. Kc3 Kf7 58. Ng5+
Kf6 59. Ne4+ Kf5 60. Nf2 Rxd7 61. Kc2 Rd8 62. Kc3 Rd5 63. Kc2 Rd6 64. Kc3 Rg6
65. Kd2 Rxg3 66. Ke2 Kf4 67. Kf1 h4 68. Nh1 Rg8 69. Nf2 Rg3 70. Nh1 Kf3 71. Nf2
h3 0-1

[Event "XIII OGOLNOPOLSKA OLIMPIADA MLODZIEZY -"]
[Site "Turawa"]
[Date "2007.05.04"]
[Round "10.2"]
[White "Swiercz, Dariusz"]
[Black "Witek, Tomasz"]
[Result "1-0"]
[WhiteElo "2248"]
[BlackElo "2109"]
[PlyCount "109"]
[EventDate "2007.??.??"]

1. d4 Nf6 2. c4 g6 3. Nc3 Bg7 4. e4 d6 5. f3 c6 6. Be3 a6 7. Qd2 b5 8. Bd3 Nbd7
9. Nge2 Bb7 10. O-O O-O 11. b3 bxc4 12. bxc4 c5 13. Rab1 Rb8 14. d5 Ne5 15. Nc1
Qc7 16. Be2 e6 17. Nb3 Bc8 18. h3 Rb4 19. dxe6 Bxe6 20. Nd5 Bxd5 21. cxd5 Rfb8
22. Qc2 h6 23. Nd2 Nh5 24. Rxb4 Rxb4 25. Rb1 Rxb1+ 26. Nxb1 Qa5 27. Qd2 Qb6 28.
Na3 g5 29. Kf2 Nf4 30. Bf1 Kh8 31. g3 Nfg6 32. f4 gxf4 33. gxf4 Nd7 34. Nc4 Qb8
35. Bg2 Kh7 36. Kg1 Qb1+ 37. Kh2 Qb8 38. Qf2 Bf6 39. Qe2 Bg7 40. Qg4 Nf6 41.
Qg3 Ne8 42. Qe1 Qb5 43. Bf1 Qa4 44. Qb1 Qd7 45. e5 Kh8 46. e6 Qe7 47. Qf5 Nf6
48. exf7 Qxf7 49. Bg2 Ne7 50. Qe6 Qf8 51. Nxd6 Ng6 52. Nf7+ Kh7 53. d6 Qb8 54.
d7 Nxf4 55. d8=Q 1-0

[Event "XIII OGOLNOPOLSKA OLIMPIADA MLODZIEZY -"]
[Site "Turawa"]
[Date "2007.05.04"]
[Round "10.3"]
[White "Jacek, Krystian"]
[Black "Obrusnik, Michal"]
[Result "1-0"]
[WhiteElo "1858"]
[BlackElo "1977"]
[PlyCount "77"]
[EventDate "2007.??.??"]

1. e4 e6 2. d4 d5 3. Nc3 Bb4 4. e5 c5 5. a3 Bxc3+ 6. bxc3 Ne7 7. Qg4 O-O 8. Bd3
Nbc6 9. Qh5 Ng6 10. Nf3 Qc7 11. Be3 Nce7 12. h4 Bd7 13. Rb1 c4 14. Be2 f5 15.
Rg1 h6 16. Bxh6 gxh6 17. Qxh6 Rf7 18. h5 Nf8 19. Ng5 Rg7 20. f4 Qc6 21. g4 fxg4
22. Rxg4 Nf5 23. Qf6 Be8 24. h6 Rg6 25. h7+ Nxh7 26. Nxh7 Kxh7 27. Qf8 Rxg4 28.
Bxg4 Nh6 29. Qe7+ Bf7 30. Kd2 Qe8 31. Rxb7 Qxe7 32. Rxe7 Kg6 33. Bxe6 Rf8 34.
Bh3 Bg8 35. Ke3 Rf7 36. Re6+ Kg7 37. Rd6 Re7 38. f5 Kf8 39. Rxh6 1-0

[Event "XIII OGOLNOPOLSKA OLIMPIADA MLODZIEZY -"]
[Site "Turawa"]
[Date "2007.05.04"]
[Round "10.4"]
[White "Solnicki, Michal"]
[Black "Wieczorek, Oskar"]
[Result "1/2-1/2"]
[WhiteElo "1951"]
[BlackElo "2125"]
[PlyCount "87"]
[EventDate "2007.??.??"]

1. d4 Nf6 2. Nf3 c5 3. d5 e6 4. Nc3 exd5 5. Nxd5 Nxd5 6. Qxd5 Be7 7. e4 d6 8.
Bb5+ Nd7 9. O-O O-O 10. Bxd7 Qxd7 11. Bf4 Qe6 12. Rfe1 Rd8 13. Rad1 h6 14. Bg3
Qxd5 15. exd5 Bf6 16. c3 b5 17. Nd2 Kf8 18. Ne4 Be7 19. Re3 f5 20. Nd2 Bf6 21.
Re2 Kf7 22. c4 b4 23. Nf1 Rb8 24. b3 a5 25. h4 g5 26. hxg5 hxg5 27. f4 g4 28.
Bf2 Ra8 29. Ng3 Kg6 30. Be3 a4 31. Kf2 axb3 32. axb3 Ra3 33. Rb1 Re8 34. Bc1
Rxe2+ 35. Nxe2 Ra2 36. g3 Bd7 37. Be3 Rc2 38. Ke1 Kg7 39. Kd1 Ra2 40. Ke1 Kf7
41. Kd1 Ra8 42. Kd2 Rh8 43. Rg1 Rh2 44. Kd3 1/2-1/2

[Event "XIII OGOLNOPOLSKA OLIMPIADA MLODZIEZY -"]
[Site "Turawa"]
[Date "2007.05.04"]
[Round "10.5"]
[White "Strzemiecki, Zbigniew"]
[Black "Siwiec, Arkadiusz"]
[Result "1-0"]
[WhiteElo "2285"]
[BlackElo "2025"]
[PlyCount "87"]
[EventDate "2007.??.??"]

1. e4 c5 2. Nf3 d6 3. d4 cxd4 4. Nxd4 Nf6 5. f3 Nc6 6. c4 e5 7. Nb3 Be7 8. Nc3
O-O 9. Be3 Ne8 10. Bd3 g6 11. Nd5 Bh4+ 12. g3 Bg5 13. Bf2 Bh3 14. Bf1 Qd7 15.
g4 Bxf1 16. Rxf1 Qd8 17. Qe2 Ng7 18. h4 Bxh4 19. O-O-O Ne6 20. Kb1 Bxf2 21.
Rxf2 Kg7 22. Rh1 h6 23. Rfh2 Rh8 24. Qf2 Qg5 25. Nd2 Ncd4 26. Nf1 Nf4 27. Nfe3
Nxd5 28. Nxd5 Ne6 29. b3 b6 30. Nc3 Nf4 31. Nb5 Qe7 32. Rd1 Rad8 33. Qd2 Ne6
34. Qb4 Rd7 35. Rhd2 Rhd8 36. Rd5 a6 37. Nxd6 Nd4 38. Nf5+ gxf5 39. Qxe7 Rxe7
40. Rxd8 fxe4 41. fxe4 Re6 42. Rd5 Kg6 43. b4 Kg5 44. R1xd4 1-0

[Event "XIII OGOLNOPOLSKA OLIMPIADA MLODZIEZY -"]
[Site "Turawa"]
[Date "2007.05.04"]
[Round "10.6"]
[White "Matuszewski, Michal"]
[Black "Witek, Pawel"]
[Result "1-0"]
[WhiteElo "2136"]
[BlackElo "1985"]
[PlyCount "63"]
[EventDate "2007.??.??"]

1. d4 Nf6 2. c4 g6 3. Nc3 Bg7 4. e4 d6 5. Nf3 O-O 6. Be2 Nbd7 7. h3 e5 8. Be3
Re8 9. d5 Nc5 10. Nd2 a5 11. b3 Nfd7 12. g4 f5 13. f3 Qh4+ 14. Bf2 Qh6 15. h4
Bf6 16. Nf1 fxg4 17. fxg4 Bg5 18. Bf3 Bf4 19. g5 Qg7 20. Ne3 Bxe3 21. Bxe3 Rf8
22. Be2 Rf4 23. Qd2 Rf7 24. O-O-O Nb6 25. h5 Bd7 26. Nb5 Bxb5 27. cxb5 Ncd7 28.
Bg4 Nf8 29. h6 Qh8 30. Rhf1 Rf4 31. Rxf4 exf4 32. Bd4 1-0

[Event "XIII OGOLNOPOLSKA OLIMPIADA MLODZIEZY -"]
[Site "Turawa"]
[Date "2007.05.04"]
[Round "10.7"]
[White "Kowalczyk, Rafal"]
[Black "Wandzik, Wojciech"]
[Result "0-1"]
[WhiteElo "1948"]
[BlackElo "1945"]
[PlyCount "88"]
[EventDate "2007.??.??"]

1. e4 e5 2. Bc4 Nc6 3. Nf3 Nf6 4. d3 Bc5 5. O-O d6 6. h3 Be6 7. Bb5 h6 8. Be3
Bb6 9. Nc3 O-O 10. Ne2 Ne7 11. Ba4 c6 12. Bxb6 Qxb6 13. Bb3 Ng6 14. Ng3 Rad8
15. Re1 Nf4 16. Nf5 Rfe8 17. Qd2 Ng6 18. g4 d5 19. Qe3 Qxe3 20. Rxe3 dxe4 21.
dxe4 Nf4 22. Kh2 Nh7 23. Kg3 f6 24. h4 Kf7 25. Ree1 Rd7 26. Rad1 Red8 27. Rxd7+
Rxd7 28. Re3 Nf8 29. Ne1 c5 30. Ba4 Rd2 31. Nd3 c4 32. Nxf4 exf4+ 33. Kxf4 a6
34. Be8+ Kxe8 35. Nxg7+ Kf7 36. Nf5 Bxf5 37. exf5 Rxf2+ 38. Ke4 Rxc2 39. b3 Nd7
40. Kd5 c3 41. Kd4 Ne5 42. Rg3 Rc1 43. b4 c2 44. Kc3 Nc4 0-1

[Event "XIII OGOLNOPOLSKA OLIMPIADA MLODZIEZY -"]
[Site "Turawa"]
[Date "2007.05.04"]
[Round "10.8"]
[White "Janczarski, Michal"]
[Black "Mondrzycki, Bartlomiej"]
[Result "1-0"]
[WhiteElo "2081"]
[BlackElo "1949"]
[PlyCount "63"]
[EventDate "2007.??.??"]

1. c4 e5 2. g3 d6 3. Bg2 g6 4. d3 Bg7 5. Nf3 f5 6. O-O Nf6 7. Nc3 c6 8. Bd2 Qe7
9. Qa4 O-O 10. Rab1 h6 11. b4 Be6 12. b5 c5 13. Ne1 Qf7 14. Qa3 d5 15. cxd5
Nxd5 16. Nxd5 Bxd5 17. Qxc5 Bxa2 18. Rc1 Nd7 19. Qc7 Bd5 20. Nf3 Nb6 21. Be3
Rfc8 22. Qd6 Qe6 23. Qa3 a6 24. Qa5 Nd7 25. Rxc8+ Rxc8 26. bxa6 bxa6 27. Ng5
Qd6 28. Qxd5+ Qxd5 29. Bxd5+ Kf8 30. Ne6+ Kf7 31. Nxg7+ Kxg7 32. Be6 1-0

[Event "XIII OGOLNOPOLSKA OLIMPIADA MLODZIEZY -"]
[Site "Turawa"]
[Date "2007.05.04"]
[Round "10.9"]
[White "Barski, Radoslaw"]
[Black "Weichhold, Pawel"]
[Result "0-1"]
[WhiteElo "1987"]
[BlackElo "1897"]
[PlyCount "220"]
[EventDate "2007.??.??"]

1. e4 c5 2. Nf3 Nc6 3. Nc3 g6 4. d4 cxd4 5. Nxd4 Bg7 6. Be3 Nf6 7. Bc4 O-O 8.
Bb3 d6 9. f3 Bd7 10. Qd2 Nxd4 11. Bxd4 b5 12. O-O-O a5 13. Nd5 Nxd5 14. Bxg7
Kxg7 15. Bxd5 Rc8 16. a3 Kg8 17. h4 Qc7 18. h5 e6 19. Bb3 a4 20. Ba2 b4 21.
axb4 a3 22. bxa3 Qa7 23. Kb2 Ra8 24. Qd3 Rfc8 25. c4 d5 26. c5 Rcb8 27. Qc3
Rxb4+ 28. Qxb4 Rb8 29. exd5 Rxb4+ 30. axb4 exd5 31. Bxd5 Kg7 32. Ra1 Qb8 33.
Kb3 Qe5 34. Rhd1 Qe3+ 35. Kb2 Qe2+ 36. Ka3 Qe3+ 37. Bb3 Bb5 38. Re1 Qd3 39.
Rad1 Qc3 40. Rc1 Qd3 41. c6 Ba4 42. Rb1 Bxc6 43. Rbd1 Qa6+ 44. Kb2 Qb5 45. Kc3
Qxh5 46. Re7 Kh6 47. Bc4 Qf5 48. Rh1+ Kg5 49. Rhe1 Kh4 50. Rxf7 Qc8 51. Rf4+
Kg3 52. Rg4+ Kh2 53. Kb3 Bd7 54. Rg5 Bf5 55. g4 Qd8 56. Rxf5 gxf5 57. gxf5 Qf6
58. Be6 h5 59. Kc4 h4 60. b5 Qb2 61. Re4 h3 62. f6 Qxf6 63. b6 Qxf3 64. Bd5
Qf1+ 65. Kc5 Qf8+ 66. Kb5 Kg1 67. Rg4+ Kf2 68. b7 Qd6 69. Bc6 h2 70. Rh4 Kg3
71. Rc4 Kf2 72. Rc1 Qc7 73. Rc2+ Ke3 74. Rc1 Kd2 75. Rh1 Kc3 76. Rc1+ Kb2 77.
Rh1 Qe5+ 78. Kb6 Ka3 79. Rd1 Kb4 80. Rb1+ Ka3 81. Rb5 Qd6 82. Rd5 Qb8 83. Rd7
Qe5 84. Rd8 Qe3+ 85. Kc7 Qe5+ 86. Rd6 Qa5+ 87. Kc8 Qf5+ 88. Rd7 Qc5 89. b8=Q
Qxc6+ 90. Kd8 Qf6+ 91. Kc8 Qc3+ 92. Rc7 Qh8+ 93. Kb7 Qxb8+ 94. Kxb8 h1=Q 95.
Rb7 Ka4 96. Ka7 Ka5 97. Rb2 Qh7+ 98. Rb7 Qc2 99. Ka8 Qc8+ 100. Ka7 Qc5+ 101.
Kb8 Ka6 102. Rf7 Qd6+ 103. Kc8 Qd4 104. Rd7 Qe5 105. Rd6+ Kb5 106. Rd1 Qf5+
107. Kc7 Qf4+ 108. Kd8 Kc6 109. Ke7 Qe3+ 110. Kd8 Qg5+ 0-1

[Event "XIII OGOLNOPOLSKA OLIMPIADA MLODZIEZY -"]
[Site "Turawa"]
[Date "2007.05.04"]
[Round "10.10"]
[White "Zielinski, Wojciech"]
[Black "Klepaczka, Tomasz"]
[Result "1/2-1/2"]
[WhiteElo "1886"]
[BlackElo "1953"]
[PlyCount "100"]
[EventDate "2007.??.??"]

1. e4 c5 2. Nf3 e6 3. c4 Nc6 4. d4 cxd4 5. Nxd4 Nf6 6. Nc3 Bb4 7. f3 O-O 8. Be3
a6 9. Be2 d5 10. Nxc6 bxc6 11. e5 Nd7 12. f4 f6 13. cxd5 cxd5 14. O-O fxe5 15.
Nxd5 Bc5 16. fxe5 Rxf1+ 17. Bxf1 Bxe3+ 18. Nxe3 Qb6 19. Qf3 Bb7 20. Qh3 Nxe5
21. Kh1 Rf8 22. Re1 Kh8 23. Qg3 Qxb2 24. Nc4 Nxc4 25. Bxc4 Qf6 26. h3 Bd5 27.
Bxa6 Bxa2 28. Qa3 Bd5 29. Rf1 Qxf1+ 30. Bxf1 Rxf1+ 31. Kh2 Rf2 32. Kg3 Rxg2+
33. Kf4 Rf2+ 34. Ke5 h6 35. h4 Re2+ 36. Kd6 Ra2 37. Qd3 Ra4 38. h5 Rg4 39. Qf1
Rg5 40. Qf8+ Kh7 41. Qf7 Bc4 42. Ke7 Be2 43. Qxe6 Bxh5 44. Kf8 Bg4 45. Qg8+ Kg6
46. Qf7+ Kh7 47. Qg8+ Kg6 48. Qf7+ Kh7 49. Qg8+ Kg6 50. Qf7+ Kh7 1/2-1/2